| 000 | 00773cam a2200229 a 4500 | ||
|---|---|---|---|
| 001 | 14239152 | ||
| 005 | 20250825133213.0 | ||
| 008 | 060124s2007 nyua b 001 0 eng | ||
| 020 | _a0716706172 | ||
| 020 | _a9780716706175 | ||
| 050 | 0 | 0 |
_aBF121 _b.G667 2007 |
| 082 | 0 | 0 |
_a150 _221 |
| 100 | 1 |
_aGray, Peter _q(Peter O.) |
|
| 245 | 1 | 0 |
_aPsychology / _cPeter Gray. |
| 250 | _a5th ed. | ||
| 260 |
_aNew York : _bWorth Publishers, _cc2007. |
||
| 300 |
_a1 v. (various pagings) : _bill. (some col.) ; _c29 cm. |
||
| 650 | 0 |
_aPsychology _vTextbooks. |
|
| 856 | 4 | 2 |
_3Publisher description _uhttp://www.loc.gov/catdir/enhancements/fy0714/2006921149-d.html |
| 856 | 4 | 1 |
_3Table of contents only _uhttp://www.loc.gov/catdir/enhancements/fy0714/2006921149-t.html |
| 942 |
_2lcc _cBK _n0 |
||
| 999 |
_c7369 _d7369 |
||